000 00492ntaaa2200181 4500
003 01
005 20251027201835.0
008 0714s1973 ag 01
040 _aAR-BaBN
_bspa
_cAR-BaBN
_eaacr
_dRIC
082 _a244.1000 D44
100 _aDepósito de Literatura Castellana
_916874
245 _aComo usar el libro sin palabras
250 _a1 ed.
260 _aMéxico :
_bDepósito de Literatura Castellana,
_cn.f.
300 _as.p.
650 _alibro sin palabras
_916875
942 _cBK
999 _c13107
_d13107